Skład reprezentacji Polski w latach 2002-2026 część 3/3(2021-2026) - Statystyki

Ogólne statystyki
  • Ten quiz został rozwiązany 55 razy
  • Średni wynik to 58 z 66
Statystyki odpowiedzi
% Poprawnych
Obrońca Jan Bednarek
100%
Obrońca Jan Bednarek
100%
Obrońca Jan Bednarek
100%
Obrońca Jan Bednarek
100%
Obrońca Jan Bednarek
100%
Pomocnik Piotr Zieliński
100%
Pomocnik Piotr Zieliński
100%
Pomocnik Piotr Zieliński
100%
Pomocnik Piotr Zieliński
100%
Pomocnik Piotr Zieliński
100%
Pomocnik Piotr Zieliński
100%
Napastnik Robert Lewandowski
100%
Napastnik Robert Lewandowski
100%
Napastnik Robert Lewandowski
100%
Napastnik Robert Lewandowski
100%
Napastnik Robert Lewandowski
100%
Napastnik Robert Lewandowski
100%
Bramkarz Wojciech Szczęsny
100%
Bramkarz Wojciech Szczęsny
100%
Bramkarz Wojciech Szczęsny
100%
Obrońca Jakub Kiwior
96%
Obrońca Jakub Kiwior
96%
Obrońca Jakub Kiwior
96%
Obrońca Jakub Kiwior
96%
Obrońca Jakub Kiwior
96%
Bramkarz Kamil Grabara
96%
Napastnik Karol Świderski
96%
Napastnik Karol Świderski
96%
Napastnik Karol Świderski
96%
Napastnik Karol Świderski
96%
Napastnik Karol Świderski
96%
Napastnik Karol Świderski
96%
Bramkarz Łukasz Skorupski
96%
Bramkarz Łukasz Skorupski
96%
Pomocnik Damian Szymański
92%
Obrońca Kamil Glik
92%
Obrońca Kamil Glik
92%
Pomocnik Sebastian Szymański
92%
Pomocnik Sebastian Szymański
92%
Pomocnik Sebastian Szymański
92%
Obrońca Matty Cash
90%
Obrońca Matty Cash
90%
Obrońca Matty Cash
90%
Pomocnik Jakub Moder
88%
Pomocnik Nicola Zalewski
83%
Pomocnik Nicola Zalewski
83%
Obrońca Nicola Zalewski
83%
Pomocnik Nicola Zalewski
83%
Pomocnik Nicola Zalewski
83%
Pomocnik Nicola Zalewski
83%
Pomocnik Grzegorz Krychowiak
81%
Obrońca Bartosz Bereszyński
79%
Obrońca Bartosz Bereszyński
79%
Obrońca Bartosz Bereszyński
79%
Obrońca Przemysław Wiśniewski
73%
Obrońca Przemysław Wiśniewski
73%
Pomocnik Jakub Kamiński
67%
Pomocnik Jakub Kamiński
67%
Pomocnik Jakub Kamiński
67%
Pomocnik Przemysław Frankowski
67%
Pomocnik Przemysław Frankowski
67%
Obrońca Przemysław Frankowski
67%
Obrońca Przemysław Frankowski
67%
Pomocnik Bartosz Slisz
54%
Obrońca Tymoteusz Puchacz
52%
Pomocnik Kamil Jóźwiak
35%
Nie znaleziono quizów pasujących do podanych kryteriów
Rozkład punktacji
Procent ludzi z każdym wynikiem
Percentyl według liczby udzielonych odpowiedzi
Twoja historia wyników
Nie rozwiązałeś tego quizu